000 00210nam a2200097Ia 4500
008 190216s9999||||xx |||||||||||||| ||und||
100 _aNandakumari
245 0 _aRandu Penkuttikal
260 _bNull
942 _cBK
999 _c25305
_d25305